| 000 | 00000nam 2200000za 4500 |
| 001 | 9.801236 |
| 003 | CaOODSP |
| 005 | 20221107134747 |
| 007 | cr ||||||||||| |
| 008 | 150609s2015xxxxxxc |o f00| 0 eng d |
| 040 | |aCaOODSP|beng |
| 043 | |an-cn--- |
| 086 | |aIR4-8/2015E-PDF |
| 110 | 1 |aCanada.|bTruth and Reconciliation Commission of Canada. |
| 245 | 10|aTruth and Reconciliation Commission of Canada |h[electronic resource] : |bcalls to action. |
| 260 | |a[Ottawa] : |bTruth and Reconciliation Commission of Canada,|c2015. |
| 300 | |a11 p. |
| 500 | |aIssued also in French under title: Commission de vérité etréconciliation du Canada : appels à l’action. |
| 692 | 07|2gccst|aAboriginal peoples |
| 692 | 07|2gccst|aResidential schools |
| 775 | 08|tCommission de vérité et réconciliation du Canada |w(CaOODSP)9.801240 |
| 856 | 40|qPDF|s291 KB|uhttps://publications.gc.ca/collections/collection_2015/trc/IR4-8-2015-eng.pdf |